A straightforward guide to the process of conveyancing (Record no. 102559)
[ view plain ]
| 000 -LEADER | |
|---|---|
| fixed length control field | 00422cam a2200157 4500 |
| 008 - FIXED-LENGTH DATA ELEMENTS--GENERAL INFORMATION | |
| fixed length control field | 021212n2001 000 0 eng u |
| 020 ## - INTERNATIONAL STANDARD BOOK NUMBER | |
| International Standard Book Number | 1899924817 |
| 035 ## - SYSTEM CONTROL NUMBER | |
| System control number | (Sirsi) u120758 |
| 100 ## - MAIN ENTRY--PERSONAL NAME | |
| Personal name | James, Frances |
| 245 #2 - TITLE STATEMENT | |
| Title | A straightforward guide to the process of conveyancing |
| 250 ## - EDITION STATEMENT | |
| Edition statement | 2nd ed. |
| 260 ## - PUBLICATION, DISTRIBUTION, ETC. | |
| Name of publisher, distributor, etc. | Straightforward Publishing |
| Date of publication, distribution, etc. | 2001 |
| 350 ## - PRICE (NR) (BK AM CF MU VM SE) [OBSOLETE] | |
| Price | 8.99 |
| 490 ## - SERIES STATEMENT | |
| Series statement | Straightforward Guides |
| 942 ## - ADDED ENTRY ELEMENTS (KOHA) | |
| Suppress in OPAC | 0 |
No items available.